| 000 | 00578nam a2200205 i 4500 | ||
|---|---|---|---|
| 001 | 30886 | ||
| 003 | ES-MaACL | ||
| 005 | 20240426115611.0 | ||
| 007 | t| | ||
| 008 | 030127s1908 fr ||||1| fre d | ||
| 100 | 1 |
_aBazalgette, Leon. _926730 |
|
| 245 | 1 | 2 |
_aL'home et son oluore / _cLeon Bazalgette, Walt Whitman. |
| 250 | _a2eme ed. | ||
| 260 |
_aParís : _bMercure de France, _c1908. |
||
| 300 |
_aXI, 514 p., 1 lám. ; _c22 cm. |
||
| 700 | 0 |
_aWhitman, Walt, _d1819-1892 _9116708 |
|
| 852 |
_aES-MaACL _jF-6612 |
||
| 852 |
_aES-MaACL _jG-6700 |
||
| 999 |
_c30886 _d30886 |
||